Which Nordic Country… - Statistics

General Stats
  • This quiz has been taken 16 times
  • The average score is 17 of 25
Answer Stats
Hint Answer % Correct
…is not a sovereign nation, but a territory of Denmark? Greenland
100%
…fought the Winter War against the Soviet Union from 1939 to 1940? Finland
94%
…does Hamlet take place? Denmark
88%
…replaced the markka with the euro as its official currency in 1999? Finland
88%
…is nearly 90% Inuit? Greenland
88%
…has over 200 volcanoes and roughly 1/3 of Earth’s total lava flow? Iceland
88%
…is Ikea based in? Sweden
88%
…did legos originate? Denmark
81%
…is known as Suomi in its own language? Finland
81%
…did saunas originate in? Finland
81%
…does over half of the population believe in the existence of elves? Iceland
69%
…did the Nobel Prize originate in? Sweden
69%
…was settled in 874 AD? Iceland
63%
…is the birthplace of Björk? Iceland
63%
…broke over 200 years of neutrality and joined NATO in 2024? Sweden
63%
…controls the Faroe Islands? Denmark
56%
…has the lowest population density in the world? Greenland
56%
…has territorial claims in Antarctica? Norway
56%
…has the world’s second-longest coastline? Norway
56%
…introduced salmon sushi to Japan in the 1980s? Norway
56%
…has the world’s oldest flag? Denmark
50%
…consumes the most coffee per capita? Finland
50%
…is Spotify based in? Sweden
50%
…once knighted a penguin? Norway
38%
…is a variant of pizza topped with bananas and curry powder commonly eaten in? Sweden
38%
No matching quizzes found
Score Distribution
Percent of People with Each Score
Percentile by Number Answered
Your Score History
You have not taken this quiz